L'art chrétien et l'école allemande avec une notice sur M. Overbeck... : [ suivi du catalogue de Schulgen et Schwan éditeurs de l'oeuvre d'Overbeck] / (Record no. 152529)
[ view plain ]
| 000 -LEADER | |
|---|---|
| campo de control de longitud fija | 00924nam a2200181 i 4500 |
| 001 - NÚMERO DE CONTROL | |
| campo de control | 152529 |
| 003 - IDENTIFICADOR DE NÚMERO DE CONTROL | |
| campo de control | ES-MaACL |
| 005 - FECHA Y HORA DE LA ÚLTIMA TRANSACCIÓN | |
| campo de control | 20230906204801.0 |
| 008 - DATOS DE LONGITUD FIJA--INFORMACIÓN GENERAL | |
| campo de control de longitud fija | 971017s1856 fr |||| | fre d |
| 040 ## - FUENTE DE CATALOGACIÓN | |
| Centro catalogador/agencia de origen | CAM |
| Lengua de catalogación | spa |
| Centro/agencia transcriptor | CAM |
| 100 1# - ENTRADA PRINCIPAL--NOMBRE DE PERSONA | |
| Nombre de persona | Bouniol, Bathild. |
| 9 (RLIN) | 30937 |
| 245 12 - MENCIÓN DEL TÍTULO | |
| Título | L'art chrétien et l'école allemande avec une notice sur M. Overbeck... : [ suivi du catalogue de Schulgen et Schwan éditeurs de l'oeuvre d'Overbeck] / |
| Mención de responsabilidad, etc. | Bathild Bouniol. |
| 260 ## - PUBLICACIÓN, DISTRIBUCIÓN, ETC. | |
| Lugar de publicación, distribución, etc. | Paris : |
| Nombre del editor, distribuidor, etc. | Ambroise Bray [et] Schulgen et Schwan, |
| Fecha de publicación, distribución, etc. | 1856. |
| 300 ## - DESCRIPCIÓN FÍSICA | |
| Extensión | 104 p., [1] h. de lám. ; |
| Dimensiones | 19 cm. |
| 505 8# - NOTA DE CONTENIDO CON FORMATO | |
| Nota de contenido con formato | Catalogue des oeuvres gravées ou lithographiées d'après les tableaux et dessins des maitres ; Ecole allemande, Overbeck, Cornelius, Veit, Deger, Führich etc ... Ecole française, école italienne, choix de gravures d'après divers maîtres |
| 650 #4 - PUNTO DE ACCESO ADICIONAL DE MATERIA--TÉRMINO DE MATERIA | |
| Término de materia o nombre geográfico como elemento de entrada | Arte religioso- |
| Subdivisión geográfica | Alemania. |
| 9 (RLIN) | 162404 |
| 852 ## - LOCALIZACIÓN | |
| Ubicación | ES-MaACL |
| Número de control de estantería | G-9916 |
| Nota libre | -- Enc. hol. |
| Estatus retirado | Estado de pérdida | Estado de daño | No para préstamo | Colección | Biblioteca de origen | Biblioteca actual | Ubicación en estantería | Fecha de adquisición | Fuente de adquisición | Total de préstamos | Signatura topográfica completa | Código de barras | Visto por última vez | Precio de reemplazo | Tipo de ítem Koha |
|---|---|---|---|---|---|---|---|---|---|---|---|---|---|---|---|
| Libros del s. XIX | Biblioteca del Ateneo de Madrid | Biblioteca del Ateneo de Madrid | Sala Pecera Planta 3 | 17/01/2008 | G-9916 | 1159275 | 23/02/2023 | 23/02/2023 | Libro impreso antiguo |
